000 00583nam a2200181 i 4500
001 37262
003 ES-MaACL
005 20230906155533.0
007 t|
008 030220s1977 xxk ||||1| eng d
100 1 _aDavidson, W. F.
_942908
245 1 4 _aThe country life picture book of Scotland /
_c[text by] Lord Tweedsmuir ; photography by W. F. Davidson and R. Thomlinson.
260 _a[Feltham] :
_bCountry Life Books,
_c[1977]
300 _a128 p. ;
_c31 cm.
700 1 _aDavidson, W. F.
_942908
700 1 _aThomlinson, R.
_9110061
852 _aES-MaACL
_jA-7515
_bR.96663
999 _c37262
_d37262